ម៉ារី គុយរី / (Record no. 6495)
[ view plain ]
| 000 -LEADER | |
|---|---|
| fixed length control field | 02726nam a22002417a 4500 |
| 001 - CONTROL NUMBER | |
| control field | 6495 |
| 003 - CONTROL NUMBER IDENTIFIER | |
| control field | FISKH |
| 005 - DATE AND TIME OF LATEST TRANSACTION | |
| control field | 20250530113449.0 |
| 008 - FIXED-LENGTH DATA ELEMENTS--GENERAL INFORMATION | |
| fixed length control field | 250506b cb ||||| |||| 00| 0 eng d |
| 020 ## - INTERNATIONAL STANDARD BOOK NUMBER | |
| International Standard Book Number | 9789995054564 |
| 040 ## - CATALOGING SOURCE | |
| Original cataloging agency | FISKH |
| Language of cataloging | khr |
| Transcribing agency | FISKH |
| Modifying agency | FISKH |
| 082 ## - DEWEY DECIMAL CLASSIFICATION NUMBER | |
| Classification number | 920 |
| 100 ## - MAIN ENTRY--PERSONAL NAME | |
| Personal name | Labbe, Brigitte |
| 245 ## - TITLE STATEMENT | |
| Title | ម៉ារី គុយរី / |
| Statement of responsibility, etc. | និពន្ធដោយ Brigitte Labbe និង Michel Puech រូបភាពដោយ Jean-Pierre Joblin |
| 260 ## - PUBLICATION, DISTRIBUTION, ETC. | |
| Place of publication, distribution, etc. | Phnom Penh : |
| Name of publisher, distributor, etc. | Sipar ; |
| Date of publication, distribution, etc. | 2009. |
| 300 ## - PHYSICAL DESCRIPTION | |
| Extent | 40 pages : |
| Other physical details | color illustrations ; |
| Dimensions | 21 cm. |
| 490 ## - SERIES STATEMENT | |
| Series statement | ខ្ញុំចង់ដឺងជីវិតរបស់ .... |
| 520 ## - SUMMARY, ETC. | |
| Summary, etc. | ម៉ារី គ្យួរី (Marie Curie) គឺជាអ្នកវិទ្យាសាស្ត្រកម្ដៅ និងជាស្ត្រីជនជាតិសមីនីនៅលើពិភពលោក។ គ្រួសាររបស់គាត់មានការអភិវឌ្ឍក្នុងវិស័យវិទ្យាសាស្ត្រពីដំណើរនៅទីកន្លែងវប្បធម៌ផ្ទាល់ខ្លួន។ ម៉ារី គ្យួរីបានធ្វើការពិចារណាអំពីការសិក្សាអំពីរ៉ាឌីយ៉ូម (radium) និងទទួលបានការរើសអើងពីគ្រួសារនៅក្រុមការងារប្រាសាទវិទ្យាសាស្ត្រសំរាប់ធ្វើការសំរាប់ជួយបំបាត់ការពីការងារនៅការពិភាក្សាអនុវត្តន៍មុខវិជ្ជាប្រពៃណីដែលបានបង្ហាញពីបច្ចេកទេសរ៉ាឌីយ៉ូមជាសំខាន់ដល់វិស័យសុខភាពនៃវិទ្យាសាស្ត្រតែមិនអាចកំណត់ជាលក្ខណៈយ៉ាងដូចច្នេះ។<br/><br/><br/><br/><br/> |
| 520 ## - SUMMARY, ETC. | |
| Summary, etc. | Marie Curie is a pioneering scientist and one of the most renowned women in the world. Her family was involved in the development of science, and her personal journey was rooted in a rich cultural background. Marie Curie focused on studying radium and faced discrimination from her family and colleagues in the scientific community, as she worked to help eliminate issues in her research. Her work on radium became crucial to the field of health sciences, although the exact details of her contributions cannot be fully described in this way. |
| 700 ## - ADDED ENTRY--PERSONAL NAME | |
| Personal name | Joblin, Jean-Pierre |
| Relator term | Illustrator |
| 942 ## - ADDED ENTRY ELEMENTS (KOHA) | |
| Source of classification or shelving scheme | Dewey Decimal Classification |
| Koha item type | Khmer Books |
| Suppress in OPAC | No |
| Withdrawn status | Lost status | Source of classification or shelving scheme | Damaged status | Not for loan | Collection | Home library | Current library | Shelving location | Date acquired | Total Checkouts | Full call number | Barcode | Date last seen | Copy number | Price effective from | Koha item type | Date last checked out |
|---|---|---|---|---|---|---|---|---|---|---|---|---|---|---|---|---|---|
| Dewey Decimal Classification | Khmer Language Books / សៀវភៅភាសាខ្មែរ | Footprints International School Library Network Toul Tom Poung Campus | Footprints International School Library Network Toul Tom Poung Campus | TTP Primary Khmer Bookshelves | 05/06/2025 | LAB PZ7 920 | FISSE02494 | 05/06/2025 | 1 | 05/06/2025 | Khmer Books | ||||||
| Dewey Decimal Classification | Khmer Language Books / សៀវភៅភាសាខ្មែរ | Footprints International School Library Network Toul Tom Poung Campus | Footprints International School Library Network Toul Tom Poung Campus | TTP Secondary Khmer Bookshelves | 05/06/2025 | 1 | LAB PZ7 920 | FISSE02467 | 11/10/2025 | 2 | 05/06/2025 | Khmer Books | 09/30/2025 | ||||
| Dewey Decimal Classification | Khmer Language Books / សៀវភៅភាសាខ្មែរ | Footprints International School Library Network Toul Tom Poung Campus | Footprints International School Library Network Toul Tom Poung Campus | TTP Secondary Khmer Bookshelves | 05/09/2025 | 1 | LAB PZ7 920 | FISSE02459 | 11/10/2025 | 3 | 05/09/2025 | Khmer Books | 09/30/2025 |
